Kluby Piłkarskie w Poznaniu - Statystyki

Ogólne statystyki
  • Ten quiz został rozwiązany 18 razy
  • Średni wynik to 5 z 25
Statystyki odpowiedzi
Liga Klub % Poprawnych
Ekstraklasa Lech Poznań
100%
2. Liga Warta Poznań
94%
3. Liga Lech II Poznań
44%
IV Liga Wiara Lecha Poznań
38%
A Klasa Lotnik Poznań
31%
A Klasa Koziołek Poznań
25%
V Liga Warta II Poznań
25%
B Klasa Odlew Poznań
19%
Okręgówka Polonia Poznań
19%
V Liga Poznańska 13 Poznań
19%
Okręgówka TPS Winogrady Poznań
19%
A Klasa GES Poznań
13%
Okręgówka APR Lampart Poznań
6%
B Klasa AP Talenty Poznań
6%
Brak Ligi Magicy Zenona Poznań
6%
Brak Ligi Mardom Poznań
6%
C Klasa (Oldboys) Odlew Poznań (Oldboys)
6%
Brak Ligi Oldboys Lech Poznań
6%
B Klasa Olympique Poznań
6%
C Klasa (Oldboys) Polonia Poznań (Oldboys)
6%
A Klasa Poznań FC
6%
Okręgówka Przemysław Poznań
6%
C Klasa (Oldboys) Przemysław Poznań (Oldboys)
6%
B Klasa Poznań II FC
0%
B Klasa TPS II Winogrady Poznań
0%
Nie znaleziono quizów pasujących do podanych kryteriów
Rozkład punktacji
Procent ludzi z każdym wynikiem
Percentyl według liczby udzielonych odpowiedzi
Twoja historia wyników
Nie rozwiązałeś tego quizu